000 00591nam a22001817a 4500
999 _c184496
_d184496
005 20220121111609.0
010 _aENG-131294
020 _a978-93-5322-494-3
_c225.00
035 _aEN-114826
037 _bDBAD
082 _a000
100 _aSaxena, Naresh
245 _aLIC ADO (Apprentice Development Officers):
_bPhase-I Preliminary Exam 2019/
_cNaresh Saxena
260 _aNew Delhi
_bPrabhat Exam
_c2019
270 _bNew Delhi
_a4/19, Asaf Ali Road
_e110002
_k23289555, 23289666
_mprabhatbook@gmail.com
300 _a236p.
_c28cm(pbk)
942 _2ddc
_cEN
_h000
_mSAX